[Event "DEM U16 2004"]
[Site "Willingen GER"]
[Date "2004.06.02"]
[Round "6"]
[White "Kesten, Sebastian"]
[Black "Nuber, Korbinian"]
[Result "1/2-1/2"]
[Termination "normal"]
[Board "11"]
[WhiteElo "1835"]
[BlackElo "2004"]
[PlyCount "83"]
[WhiteFideId "24616214"]
[BlackFideId "24607231"]
[EventCountry "GER"]
[EventRounds "9"]
[EventType "swiss"]
[EventDate "2004.05.29"]

1. d4 g6 2. c4 Bg7 3. Nc3 d6 4. e4 e5 5. dxe5 Bxe5 6. Nge2 f5 7. g3 Nf6 8. exf5
Bxf5 9. Bg2 Nc6 10. O-O Qd7 11. Re1 O-O-O 12. Nb5 Ne4 13. f4 a6 14. fxe5 axb5
15. cxb5 Nb8 16. exd6 Qxd6 17. Qxd6 Nxd6 18. Bg5 Rde8 19. Nc3 Nd7 20. Bf4 Nc4
21. b3 Nb2 22. Nd5 Rxe1+ 23. Rxe1 Nd3 24. Re7 Nxf4 25. Nxf4 Kd8 26. Re1 b6 27.
Rc1 Re8 28. Bc6 g5 29. Nd5 Re2 30. Rd1 Kc8 31. Kf1 Re5 32. Kf2 Nc5 33. Nb4 Ne4+
34. Kg1 Nc3 35. Rf1 Kd8 36. a4 Ke7 37. Bf3 Kd7 38. Rf2 Re1+ 39. Kg2 Ne4 40.
Bxe4 Bxe4+ 41. Kh3 Bg6 42. Rd2+ 1/2-1/2

[Event "DEM U16 2004"]
[Site "Willingen GER"]
[Date "2004.06.02"]
[Round "6"]
[White "Kaufmann, Benjamin"]
[Black "Strache, Michael"]
[Result "1/2-1/2"]
[Termination "normal"]
[Board "12"]
[WhiteElo "1750"]
[BlackElo "2031"]
[PlyCount "80"]
[WhiteFideId "24613525"]
[BlackFideId "4693183"]
[EventCountry "GER"]
[EventRounds "9"]
[EventType "swiss"]
[EventDate "2004.05.29"]

1. d4 f5 2. Nf3 Nf6 3. Bg5 g6 4. Bxf6 exf6 5. Nbd2 Nc6 6. e4 fxe4 7. Nxe4 f5 8.
Ned2 Bg7 9. c3 O-O 10. Be2 d6 11. O-O g5 12. Nb3 Qf6 13. Re1 Bd7 14. Qc2 g4 15.
Nfd2 Qh4 16. Nf1 Rf6 17. Bd3 Raf8 18. Nbd2 Rh6 19. Qb3+ Kh8 20. Qxb7 f4 21.
Qxc7 Nb8 22. g3 Qh3 23. gxf4 Qxd3 24. Qxa7 Rhf6 25. Re4 Bc6 26. Re3 Qg6 27.
Rae1 Rxf4 28. R1e2 Qf5 29. Ng3 Qg5 30. Nde4 Qg6 31. Qc7 d5 32. Nc5 R4f7 33. Re7
Rxe7 34. Rxe7 Qf6 35. Nd3 Bb5 36. Nh5 Qf3 37. Rxg7 Qd1+ 38. Kg2 Qf3+ 39. Kg1
Qd1+ 40. Kg2 Qf3+ 1/2-1/2

[Event "DEM U16 2004"]
[Site "Willingen GER"]
[Date "2004.06.02"]
[Round "6"]
[White "Schäfer, Martin"]
[Black "Elstner, Eik"]
[Result "0-1"]
[Termination "normal"]
[Board "13"]
[WhiteElo "1747"]
[BlackElo "2103"]
[PlyCount "106"]
[BlackFideId "24605581"]
[EventCountry "GER"]
[EventRounds "9"]
[EventType "swiss"]
[EventDate "2004.05.29"]

1. Nf3 d5 2. d4 Nf6 3. e3 c6 4. c4 Bg4 5. Qb3 Qc8 6. Ne5 e6 7. Nxg4 Nxg4 8. Nc3
Bd6 9. Be2 Nf6 10. Bd2 Nbd7 11. Rc1 Qb8 12. f4 dxc4 13. Bxc4 Nb6 14. Bd3 Nbd5
15. g3 Nxc3 16. bxc3 O-O 17. e4 Be7 18. e5 Nd7 19. Qc2 g6 20. h4 c5 21. h5 Kg7
22. hxg6 hxg6 23. f5 Rh8 24. Kf2 exf5 25. Bxf5 Qc7 26. Bxd7 Qxd7 27. Be3 cxd4
28. cxd4 Qd5 29. Qd1 Qxa2+ 30. Qe2 Qxe2+ 31. Kxe2 Rxh1 32. Rxh1 a5 33. Rb1 Bb4
34. Bd2 Bxd2 35. Kxd2 a4 36. Rxb7 a3 37. Rb1 a2 38. Ra1 Ra3 39. Ke1 Kf8 40. d5
Re3+ 41. Kf2 Rxe5 42. Rxa2 Rxd5 43. Re2 Rf5+ 44. Kg2 Kg7 45. g4 Rb5 46. Rf2 Rb3
47. Kh2 f6 48. Rf4 Rb6 49. Kg3 Kh6 50. Rf3 Kg5 51. Rf4 Rb3+ 52. Rf3 Rxf3+ 53.
Kxf3 Kh4 0-1

[Event "DEM U16 2004"]
[Site "Willingen GER"]
[Date "2004.06.02"]
[Round "6"]
[White "Rietze, Clemens"]
[Black "Denker, Stephan"]
[Result "1-0"]
[Termination "normal"]
[Board "14"]
[WhiteElo "1835"]
[BlackElo "1920"]
[PlyCount "61"]
[WhiteFideId "24620351"]
[BlackFideId "24605565"]
[EventCountry "GER"]
[EventRounds "9"]
[EventType "swiss"]
[EventDate "2004.05.29"]

1. d4 d5 2. c4 Nc6 3. Nc3 Nf6 4. Nf3 dxc4 5. e4 Bg4 6. Be3 e5 7. d5 Ne7 8. Bxc4
a6 9. a4 Ng6 10. Qb3 Bd6 11. Qxb7 O-O 12. Qb3 Qe7 13. Nd2 Bc5 14. Bxc5 Qxc5 15.
O-O Nf4 16. Kh1 Qd6 17. f3 Bd7 18. Ne2 N6h5 19. Nxf4 Nxf4 20. Qe3 Kh8 21. Nb1
f5 22. Nc3 Qg6 23. Rf2 Rf6 24. Ne2 Nh5 25. exf5 Qe8 26. g4 Nf4 27. Nxf4 exf4
28. Qxf4 Bxa4 29. Re2 Qd7 30. b3 Bb5 31. Rae1 1-0

[Event "DEM U16 2004"]
[Site "Willingen GER"]
[Date "2004.06.03"]
[Round "7"]
[White "Siebarth, Raiko"]
[Black "Frübing, Stefan"]
[Result "1/2-1/2"]
[Termination "normal"]
[Board "1"]
[WhiteElo "2123"]
[BlackElo "2155"]
[PlyCount "81"]
[WhiteFideId "4674766"]
[BlackFideId "4682165"]
[EventCountry "GER"]
[EventRounds "9"]
[EventType "swiss"]
[EventDate "2004.05.29"]

1. e4 c5 2. Nf3 Nc6 3. d4 cxd4 4. Nxd4 g6 5. c4 Bg7 6. Be3 Nf6 7. Nc3 Ng4 8.
Qxg4 Nxd4 9. Qd1 Ne6 10. Bd3 O-O 11. O-O b6 12. Rc1 Bb7 13. Bb1 d6 14. b3 Re8
15. Nd5 Bxd5 16. exd5 Nc5 17. Bd4 Nd7 18. Bxg7 Kxg7 19. Rc3 f5 20. Qd4+ Nf6 21.
Rg3 Kh8 22. h4 Rg8 23. h5 Rg7 24. h6 Rf7 25. Re1 Qf8 26. Rh3 Kg8 27. Re6 Ng4
28. f3 Ne5 29. Qf4 Rf6 30. Rxe5 dxe5 31. Qxe5 f4 32. Rh4 b5 33. Bd3 bxc4 34.
Bxc4 Kh8 35. Rxf4 Qxh6 36. Rxf6 exf6 37. Qxf6+ Qg7 38. Qe6 Qd4+ 39. Kh2 Qh4+
40. Kg1 Qd4+ 41. Kh2 1/2-1/2

[Event "DEM U16 2004"]
[Site "Willingen GER"]
[Date "2004.06.03"]
[Round "7"]
[White "Feuerstack, Aljoscha"]
[Black "Armbrust, Florian"]
[Result "1-0"]
[Termination "normal"]
[Board "2"]
[WhiteElo "2279"]
[BlackElo "2195"]
[PlyCount "57"]
[WhiteFideId "4681932"]
[BlackFideId "4691350"]
[EventCountry "GER"]
[EventRounds "9"]
[EventType "swiss"]
[EventDate "2004.05.29"]

1. e4 c5 2. c3 g6 3. d4 cxd4 4. cxd4 d5 5. exd5 Nf6 6. Nc3 Nxd5 7. Qb3 Nb6 8.
Nf3 Bg7 9. Bb5+ Bd7 10. Ne5 O-O 11. Nxd7 N8xd7 12. O-O Nf6 13. Rd1 Nfd5 14. Bg5
Bf6 15. Bxf6 Nxf6 16. d5 Nc8 17. a4 a5 18. Rd2 Nd6 19. Re1 Rc8 20. h3 Qc7 21.
Rde2 Nf5 22. Qd1 Qc5 23. g4 Nd4 24. Rxe7 Nxd5 25. Nxd5 Qxd5 26. R1e4 Rfd8 27.
Rxd4 Qxd4 28. Re8+ Rxe8 29. Qxd4 1-0

[Event "DEM U16 2004"]
[Site "Willingen GER"]
[Date "2004.06.03"]
[Round "7"]
[White "Figura, Atila Gajo"]
[Black "Hauser, Carlos"]
[Result "1/2-1/2"]
[Termination "normal"]
[Board "3"]
[WhiteElo "2154"]
[BlackElo "2025"]
[PlyCount "138"]
[WhiteFideId "4688058"]
[BlackFideId "24608238"]
[EventCountry "GER"]
[EventRounds "9"]
[EventType "swiss"]
[EventDate "2004.05.29"]

1. d4 d5 2. c4 c6 3. Nc3 Nf6 4. e3 a6 5. Bd3 Bg4 6. Nge2 e6 7. Qb3 Qc7 8. h3
Bh5 9. Nf4 Bg6 10. Nxg6 hxg6 11. e4 dxe4 12. Nxe4 Nxe4 13. Bxe4 Nd7 14. O-O Bd6
15. Qc2 Nf6 16. Bf3 Rd8 17. Be3 O-O 18. Qb3 Qb8 19. Rad1 Rd7 20. Qc3 Rfd8 21.
b4 e5 22. dxe5 Bxe5 23. Qb3 Bd4 24. Rde1 Bxe3 25. Rxe3 Re8 26. Rfe1 Rxe3 27.
Qxe3 Qd8 28. Qb3 Re7 29. Rd1 Rd7 30. Rxd7 Nxd7 31. Qe3 Kf8 32. a3 Qe7 33. Qd4
Qe1+ 34. Kh2 Qe5+ 35. Qxe5 Nxe5 36. Be2 g5 37. Kg3 Ke7 38. f4 gxf4+ 39. Kxf4
Kf6 40. Ke4 Ke6 41. c5 g6 42. h4 f5+ 43. Kf4 Kf6 44. g4 Nxg4 45. Bxg4 fxg4 46.
Kxg4 a5 47. bxa5 Kf7 48. Kf4 Kf6 49. a4 Ke6 50. Kg5 Kf7 51. Kg4 Kf6 52. Kf4 Ke6
53. Kg5 Kf7 54. Kh6 Kf6 55. a6 bxa6 56. a5 Kf5 57. Kg7 g5 58. h5 g4 59. h6 g3
60. h7 g2 61. h8=Q g1=Q+ 62. Kf7 Qg6+ 63. Ke7 Qe6+ 64. Kd8 Qd5+ 65. Kc7 Ke4 66.
Qe8+ Kd4 67. Qxc6 Qxc5 68. Kb7 Qxa5 69. Qf6+ Qe5 1/2-1/2

[Event "DEM U16 2004"]
[Site "Willingen GER"]
[Date "2004.06.03"]
[Round "7"]
[White "Grimberg, Boris"]
[Black "Bäumler, Ilja"]
[Result "0-1"]
[Termination "normal"]
[Board "4"]
[WhiteElo "2111"]
[BlackElo "2163"]
[PlyCount "70"]
[WhiteFideId "4697499"]
[BlackFideId "4681070"]
[EventCountry "GER"]
[EventRounds "9"]
[EventType "swiss"]
[EventDate "2004.05.29"]

1. d4 Nf6 2. c4 g6 3. Nc3 Bg7 4. e4 d6 5. f3 O-O 6. Be3 e5 7. Nge2 Nc6 8. Qd2
a6 9. d5 Na5 10. Nc1 b6 11. Nb3 Nb7 12. O-O-O Bd7 13. Kb1 Qe8 14. Be2 Ba4 15.
Nxa4 Qxa4 16. Qc2 Rfb8 17. Nd4 Qxc2+ 18. Nxc2 Nc5 19. Nb4 Nfd7 20. Nc6 Rf8 21.
g4 Kh8 22. h4 Nb8 23. Nxb8 Raxb8 24. Bxc5 bxc5 25. Bd3 f5 26. gxf5 gxf5 27.
Rdg1 fxe4 28. Bxe4 Bh6 29. Rg4 a5 30. Kc2 Rb4 31. Kc3 a4 32. Rh3 Rfb8 33. Rh2
Be3 34. Rhg2 Rxb2 35. Bc2 Rxa2 0-1

[Event "DEM U16 2004"]
[Site "Willingen GER"]
[Date "2004.06.03"]
[Round "7"]
[White "Lieder, Konrad"]
[Black "Behm, Simon"]
[Result "1/2-1/2"]
[Termination "normal"]
[Board "5"]
[WhiteElo "2087"]
[BlackElo "2071"]
[PlyCount "102"]
[WhiteFideId "4692721"]
[BlackFideId "4691962"]
[EventCountry "GER"]
[EventRounds "9"]
[EventType "swiss"]
[EventDate "2004.05.29"]

1. d4 d5 2. c4 c6 3. Nf3 Nf6 4. Nc3 dxc4 5. a4 Bf5 6. Ne5 Nbd7 7. Nxc4 Qc7 8.
g3 e5 9. dxe5 Nxe5 10. Bf4 Nfd7 11. Bg2 g5 12. Ne3 gxf4 13. Nxf5 O-O-O 14. Qc2
Nc5 15. O-O Ne6 16. a5 a6 17. Rfc1 Ng4 18. Ra4 h5 19. b4 h4 20. Nd5 Rxd5 21.
Bxd5 hxg3 22. hxg3 fxg3 23. fxg3 Bh6 24. Qc3 Be3+ 25. Kf1 Nd4 26. Nxe3 Nh2+ 27.
Kg2 Rg8 28. Nf1 Nxe2 29. Qe3 Nxf1 30. Kxf1 Nxc1 31. Ra1 Rxg3 32. Qe8+ Qd8 33.
Be6+ fxe6 34. Qxe6+ Qd7 35. Qxd7+ Kxd7 36. Rxc1 Rb3 37. Rc4 Rb2 38. Ke1 Kc7 39.
Kd1 Kd6 40. Kc1 Rh2 41. Rd4+ Kc7 42. Rg4 Ra2 43. Kb1 Ra4 44. Rc4 Kd6 45. Kb2
Kd5 46. Rc5+ Kd6 47. Rc4 Kc7 48. Kb3 Ra1 49. Rh4 c5 50. Rc4 Rb1+ 51. Ka3 Kd7
1/2-1/2

[Event "DEM U16 2004"]
[Site "Willingen GER"]
[Date "2004.06.03"]
[Round "7"]
[White "Brener, Ilja"]
[Black "Zebisch, Paul"]
[Result "1-0"]
[Termination "normal"]
[Board "6"]
[WhiteElo "2263"]
[BlackElo "1987"]
[PlyCount "53"]
[WhiteFideId "4688201"]
[BlackFideId "24601535"]
[EventCountry "GER"]
[EventRounds "9"]
[EventType "swiss"]
[EventDate "2004.05.29"]

1. d4 Nf6 2. c4 g6 3. Nc3 Bg7 4. e4 d6 5. f3 Nbd7 6. Be3 O-O 7. Bd3 c5 8. Nge2
a6 9. O-O Qc7 10. d5 Rb8 11. a4 Ne5 12. h3 Bd7 13. f4 Nxd3 14. Qxd3 b5 15. axb5
axb5 16. Nxb5 Bxb5 17. cxb5 c4 18. Qc2 Rxb5 19. Nd4 Rb7 20. Ra4 Rc8 21. Rc1 Qd7
22. Nc6 Ne8 23. Qxc4 Bxb2 24. Rc2 Nc7 25. Ra7 Ne8 26. Rxb7 Qxb7 27. Rxb2 1-0

[Event "DEM U16 2004"]
[Site "Willingen GER"]
[Date "2004.06.03"]
[Round "7"]
[White "Krug, Kevin"]
[Black "Rehberg, Raphael"]
[Result "0-1"]
[Termination "normal"]
[Board "7"]
[WhiteElo "2066"]
[BlackElo "2056"]
[PlyCount "118"]
[WhiteFideId "24609110"]
[BlackFideId "4686799"]
[EventCountry "GER"]
[EventRounds "9"]
[EventType "swiss"]
[EventDate "2004.05.29"]

1. e4 c5 2. Nf3 e6 3. d4 cxd4 4. Nxd4 a6 5. c4 Nf6 6. Bd3 Nc6 7. Be3 Ne5 8. Nc3
Nfg4 9. O-O Nxe3 10. fxe3 Be7 11. Nf3 Qc7 12. Nxe5 Qxe5 13. Rf3 b6 14. Qe2 Bb7
15. Raf1 f5 16. Rh3 fxe4 17. Bc2 g6 18. Qg4 O-O-O 19. Bxe4 Bxe4 20. Qxe4 Qxe4
21. Nxe4 d5 22. cxd5 exd5 23. Nc3 Bc5 24. Na4 Kc7 25. Rf7+ Rd7 26. Rxd7+ Kxd7
27. Nxc5+ bxc5 28. Rh4 Ke6 29. Ra4 Ra8 30. Kf2 Ke5 31. b3 Rf8+ 32. Ke2 Rf6 33.
Ra5 Rc6 34. Kd3 g5 35. Ra4 h5 36. h4 g4 37. Rf4 Rf6 38. g3 Rf5 39. Kd2 Ke6 40.
Kd3 Kf6 41. Kd2 Ke5 42. Kd3 Rf6 43. Kc3 Rd6 44. Kd3 c4+ 45. Kc3 Rc6 46. b4 Rc8
47. a4 Rb8 48. Rd4 Rf8 49. Rf4 Rxf4 50. exf4+ Ke4 51. b5 d4+ 52. Kb2 c3+ 53.
Ka2 d3 54. b6 d2 55. b7 d1=Q 56. b8=Q c2 57. Qb4+ Kf3 58. Qc3+ Kg2 59. Qb2 Kh3
0-1

[Event "DEM U16 2004"]
[Site "Willingen GER"]
[Date "2004.06.03"]
[Round "7"]
[White "Lutz, Dieter"]
[Black "Ratkovitch, Dimitri"]
[Result "1/2-1/2"]
[Termination "normal"]
[Board "8"]
[WhiteElo "2153"]
[BlackElo "2099"]
[PlyCount "58"]
[WhiteFideId "4667565"]
[BlackFideId "24608050"]
[EventCountry "GER"]
[EventRounds "9"]
[EventType "swiss"]
[EventDate "2004.05.29"]

1. e4 c5 2. Nf3 e6 3. d4 cxd4 4. Nxd4 Nf6 5. Bd3 Nc6 6. Nxc6 bxc6 7. O-O d5 8.
e5 Nd7 9. Qe2 Nc5 10. Kh1 Nxd3 11. Qxd3 Qb6 12. Qg3 Ba6 13. Rd1 h5 14. h4 Rg8
15. Nc3 Be7 16. a3 Qc7 17. b4 f6 18. f4 O-O-O 19. Be3 g5 20. hxg5 fxe5 21. fxe5
h4 22. Qg4 Qxe5 23. Bd4 Rxg5 24. Bxe5 Rxg4 25. Rd2 Rdg8 26. Na4 Bb5 27. Nc5
Bxc5 28. bxc5 Re4 29. Bd6 Kd7 1/2-1/2

[Event "DEM U16 2004"]
[Site "Willingen GER"]
[Date "2004.06.03"]
[Round "7"]
[White "Nuber, Korbinian"]
[Black "Abel, Dennes"]
[Result "1-0"]
[Termination "normal"]
[Board "9"]
[WhiteElo "2004"]
[BlackElo "2143"]
[PlyCount "45"]
[WhiteFideId "24607231"]
[BlackFideId "24605417"]
[EventCountry "GER"]
[EventRounds "9"]
[EventType "swiss"]
[EventDate "2004.05.29"]

1. e4 c5 2. Nc3 Nc6 3. Bb5 Nd4 4. Bc4 g6 5. Nf3 Bg7 6. O-O e6 7. Nxd4 cxd4 8.
Nb5 a6 9. Nd6+ Ke7 10. Nxc8+ Rxc8 11. d3 Qf8 12. Qd2 b5 13. Bb3 Ke8 14. Qa5 Qd6
15. a4 b4 16. Bd2 Rb8 17. Bc4 Ne7 18. Qxa6 Qc5 19. Bb3 d5 20. exd5 exd5 21. Bf4
Qb6 22. Qxb6 Rxb6 23. a5 1-0

[Event "DEM U16 2004"]
[Site "Willingen GER"]
[Date "2004.06.03"]
[Round "7"]
[White "Elstner, Eik"]
[Black "Müller, Philipp"]
[Result "0-1"]
[Termination "normal"]
[Board "10"]
[WhiteElo "2103"]
[BlackElo "1785"]
[PlyCount "84"]
[WhiteFideId "24605581"]
[BlackFideId "24620262"]
[EventCountry "GER"]
[EventRounds "9"]
[EventType "swiss"]
[EventDate "2004.05.29"]

1. d4 Nf6 2. c4 g6 3. Nc3 Bg7 4. e4 d6 5. Nf3 O-O 6. Be2 e5 7. O-O Nc6 8. d5
Ne7 9. Nd2 a5 10. a3 Nd7 11. Rb1 f5 12. b4 axb4 13. axb4 Kh8 14. Qb3 Ng8 15.
Ba3 b6 16. f3 Bh6 17. Rfd1 Be3+ 18. Kh1 f4 19. Na4 g5 20. c5 Rf6 21. cxd6 cxd6
22. Nc4 b5 23. Nxe3 bxa4 24. Qc3 fxe3 25. Qxe3 Qb6 26. Qxg5 Rg6 27. Qd2 Ngf6
28. Bf1 Nh5 29. Rbc1 Bb7 30. Rc3 Nf4 31. Bb2 Nh3 32. Re3 Rag8 33. g3 Nf4 34.
Ra3 Nf6 35. Bc4 N6h5 36. Qe3 Nxg3+ 37. hxg3 Rh6+ 38. Kg1 Rxg3+ 39. Kf2 Rg2+ 40.
Ke1 Rh1+ 41. Bf1 Qxe3+ 42. Rxe3 Ba6 0-1

[Event "DEM U16 2004"]
[Site "Willingen GER"]
[Date "2004.06.03"]
[Round "7"]
[White "Klaus, Christian"]
[Black "Kesten, Sebastian"]
[Result "1-0"]
[Termination "normal"]
[Board "11"]
[WhiteElo "2061"]
[BlackElo "1835"]
[PlyCount "147"]
[WhiteFideId "4696395"]
[BlackFideId "24616214"]
[EventCountry "GER"]
[EventRounds "9"]
[EventType "swiss"]
[EventDate "2004.05.29"]

1. e4 c5 2. Nc3 Nc6 3. g3 g6 4. Bg2 Bg7 5. d3 e6 6. Be3 Nd4 7. Qd2 Ne7 8. Nd1
d6 9. c3 Ndc6 10. Bh6 Bxh6 11. Qxh6 Ng8 12. Qd2 e5 13. Ne2 Nge7 14. O-O O-O 15.
Ne3 f5 16. f4 Rb8 17. Rad1 Be6 18. b3 b5 19. d4 exd4 20. cxd4 Nxd4 21. Nxd4
cxd4 22. Qxd4 Qb6 23. Rfe1 Qxd4 24. Rxd4 Rb6 25. Red1 Nc8 26. Rc1 fxe4 27. Rxe4
Bf7 28. Bh3 Rb8 29. Rd4 Re8 30. Rxc8 Rbxc8 31. Bxc8 Rxe3 32. Rxd6 Rc3 33. Bh3
Rc1+ 34. Bf1 a5 35. Rd2 a4 36. Kf2 axb3 37. axb3 b4 38. Rd4 Rc2+ 39. Be2 Bxb3
40. Rxb4 Bf7 41. Ke3 Ra2 42. Rb8+ Kg7 43. Rb7 Ra3+ 44. Kd4 Ra4+ 45. Kc5 Ra5+
46. Kb4 Ra1 47. Rd7 Rb1+ 48. Kc3 Rc1+ 49. Kd2 Rc5 50. Bf3 Kf6 51. Kd3 h6 52. h3
Ra5 53. Rd6+ Kg7 54. Rc6 Ra3+ 55. Rc3 Ra7 56. Be4 Rd7+ 57. Ke3 Re7 58. Kf3 Rd7
59. Rc6 Ra7 60. Rb6 Ra3+ 61. Kg4 Re3 62. Bb1 Ra3 63. Kh4 Ra5 64. Bc2 Rh5+ 65.
Kg4 Rc5 66. Bb3 h5+ 67. Kh4 Bxb3 68. Rxb3 Rc4 69. Rb5 Kh6 70. Rb6 Ra4 71. Rf6
Ra5 72. g4 hxg4 73. hxg4 Ra1 74. f5 1-0

[Event "DEM U16 2004"]
[Site "Willingen GER"]
[Date "2004.06.03"]
[Round "7"]
[White "Strache, Michael"]
[Black "Rietze, Clemens"]
[Result "1-0"]
[Termination "normal"]
[Board "12"]
[WhiteElo "2031"]
[BlackElo "1835"]
[PlyCount "99"]
[WhiteFideId "4693183"]
[BlackFideId "24620351"]
[EventCountry "GER"]
[EventRounds "9"]
[EventType "swiss"]
[EventDate "2004.05.29"]

1. e4 c5 2. Nc3 Nc6 3. f4 g6 4. Nf3 Bg7 5. Bc4 e6 6. O-O Nge7 7. d3 a6 8. a4 d5
9. Ba2 Rb8 10. Qe1 Nb4 11. Bb1 b5 12. axb5 axb5 13. e5 h5 14. Ne2 Nbc6 15. c3
Nf5 16. d4 cxd4 17. Bxf5 gxf5 18. Qg3 Bf8 19. Nfxd4 Nxd4 20. Nxd4 b4 21. Kh1 h4
22. Qd3 Qb6 23. Bd2 Bc5 24. Nf3 Bd7 25. cxb4 Bxb4 26. Bxb4 Qxb4 27. Qd4 Ke7 28.
Rab1 Rhc8 29. b3 Rc3 30. Qxb4+ Rxb4 31. Nxh4 Rcxb3 32. Rxb3 Rxb3 33. Kg1 Bb5
34. Rd1 Rb4 35. g3 d4 36. Rd2 Kd7 37. Nf3 d3 38. Kf2 Kc6 39. h4 Kd5 40. h5 Bc4
41. Ke3 Rb8 42. h6 Rh8 43. Rh2 Bb5 44. Ng5 Be8 45. Kxd3 Kc6 46. h7 Kd7 47. Rb2
Ke7 48. Kd4 Kf8 49. Rb8 Kg7 50. Kc5 1-0

[Event "DEM U16 2004"]
[Site "Willingen GER"]
[Date "2004.06.03"]
[Round "7"]
[White "Denker, Stephan"]
[Black "Bubolz, Konstantin"]
[Result "0-1"]
[Termination "normal"]
[Board "13"]
[WhiteElo "1920"]
[BlackElo "2015"]
[PlyCount "46"]
[WhiteFideId "24605565"]
[BlackFideId "24610194"]
[EventCountry "GER"]
[EventRounds "9"]
[EventType "swiss"]
[EventDate "2004.05.29"]

1. e4 Nf6 2. Nc3 d5 3. e5 d4 4. exf6 dxc3 5. fxg7 cxd2+ 6. Bxd2 Bxg7 7. Qf3 c6
8. O-O-O Qd5 9. Qa3 Bg4 10. Nf3 Nd7 11. Be2 Qc5 12. Bb4 Qb6 13. Kb1 O-O 14. h3
Bh5 15. Rxd7 Qxf2 16. Bd1 Rfd8 17. Qd3 Qb6 18. Ba3 Bg6 19. Rxd8+ Rxd8 20. Qb3
Qf2 21. Bxe7 Rd7 22. Bh4 Qxg2 23. Rg1 Qxg1 0-1

[Event "DEM U16 2004"]
[Site "Willingen GER"]
[Date "2004.06.03"]
[Round "7"]
[White "Schäfer, Martin"]
[Black "Kaufmann, Benjamin"]
[Result "1/2-1/2"]
[Termination "normal"]
[Board "14"]
[WhiteElo "1747"]
[BlackElo "1750"]
[PlyCount "39"]
[BlackFideId "24613525"]
[EventCountry "GER"]
[EventRounds "9"]
[EventType "swiss"]
[EventDate "2004.05.29"]

1. d4 d5 2. Nf3 Nf6 3. e3 Bf5 4. c4 c6 5. Qb3 Qb6 6. c5 Qc7 7. Ne5 Nbd7 8. f4
e6 9. Bd3 Bxd3 10. Qxd3 Ne4 11. Nxd7 Qxd7 12. Nd2 Nxd2 13. Bxd2 Be7 14. b4 a6
15. a4 Qc7 16. O-O O-O 17. b5 axb5 18. axb5 Rfb8 19. b6 Qc8 20. Ba5 1/2-1/2

[Event "DEM U16 2004"]
[Site "Willingen GER"]
[Date "2004.06.04"]
[Round "8"]
[White "Frübing, Stefan"]
[Black "Feuerstack, Aljoscha"]
[Result "0-1"]
[Termination "normal"]
[Board "1"]
[WhiteElo "2155"]
[BlackElo "2279"]
[PlyCount "90"]
[WhiteFideId "4682165"]
[BlackFideId "4681932"]
[EventCountry "GER"]
[EventRounds "9"]
[EventType "swiss"]
[EventDate "2004.05.29"]

1. Nf3 Nf6 2. c4 c5 3. Nc3 Nc6 4. g3 g6 5. Bg2 Bg7 6. O-O O-O 7. d3 a6 8. a3
Rb8 9. Rb1 b5 10. cxb5 axb5 11. b4 cxb4 12. axb4 d5 13. Bf4 Rb6 14. Ne5 Nxe5
15. Bxe5 d4 16. Bxf6 exf6 17. Ne4 Re8 18. Qd2 Rbe6 19. Bf3 Re5 20. Rfc1 h5 21.
Rc5 Bg4 22. Rxe5 Rxe5 23. Bxg4 hxg4 24. Rc1 f5 25. Nc5 Qe8 26. Rc2 Kh7 27. Nb3
Qa8 28. Rc5 Qa3 29. Qc2 Qxb4 30. Rxe5 Bxe5 31. Kg2 Qc3 32. Qa2 Kg7 33. Nd2 f4
34. Qd5 Bf6 35. Ne4 f3+ 36. exf3 gxf3+ 37. Kxf3 Qxd3+ 38. Kg2 Qc4 39. Qd6 Qe6
40. Nxf6 Qxf6 41. Qc5 d3 42. Qxb5 Qd4 43. Qb3 d2 44. Qd1 Qe4+ 45. Kf1 Qc4+ 0-1

[Event "DEM U16 2004"]
[Site "Willingen GER"]
[Date "2004.06.04"]
[Round "8"]
[White "Bäumler, Ilja"]
[Black "Siebarth, Raiko"]
[Result "0-1"]
[Termination "normal"]
[Board "2"]
[WhiteElo "2163"]
[BlackElo "2123"]
[PlyCount "86"]
[WhiteFideId "4681070"]
[BlackFideId "4674766"]
[EventCountry "GER"]
[EventRounds "9"]
[EventType "swiss"]
[EventDate "2004.05.29"]

1. e4 c6 2. d4 d5 3. exd5 cxd5 4. c4 Nf6 5. Nc3 Nc6 6. Nf3 Bg4 7. cxd5 Nxd5 8.
Qb3 Bxf3 9. gxf3 e6 10. Qxb7 Nxd4 11. Bb5+ Nxb5 12. Qc6+ Ke7 13. Qxb5 Qd7 14.
Nxd5+ exd5 15. Qc5+ Ke8 16. Qd4 f6 17. Be3 Kf7 18. O-O-O Rd8 19. Kb1 Qf5+ 20.
Ka1 Rd7 21. Rc1 Be7 22. Rc6 Qxf3 23. Rhc1 Rb8 24. Rc7 Rb7 25. Rxd7 Rxd7 26. Qa4
Qf5 27. Bxa7 Bd6 28. h4 Be5 29. Bb6 Re7 30. Qb3 Qe6 31. Ba5 d4 32. Qd3 Ra7 33.
b4 Qg4 34. Bb6 Rb7 35. Bc5 Qxh4 36. Qc4+ Kg6 37. Rg1+ Kh6 38. Qd5 d3+ 39. Kb1
Rxb4+ 40. Bxb4 Qxb4+ 41. Qb3 Qd4 42. Rh1+ Kg6 43. Rg1+ Kf5 0-1

[Event "DEM U16 2004"]
[Site "Willingen GER"]
[Date "2004.06.04"]
[Round "8"]
[White "Behm, Simon"]
[Black "Armbrust, Florian"]
[Result "1/2-1/2"]
[Termination "normal"]
[Board "3"]
[WhiteElo "2071"]
[BlackElo "2195"]
[PlyCount "113"]
[WhiteFideId "4691962"]
[BlackFideId "4691350"]
[EventCountry "GER"]
[EventRounds "9"]
[EventType "swiss"]
[EventDate "2004.05.29"]

1. d4 Nf6 2. c4 g6 3. Nc3 Bg7 4. e4 d6 5. Nf3 O-O 6. Be2 Nbd7 7. O-O e5 8. Be3
c6 9. d5 c5 10. Ne1 Ne8 11. Nd3 f5 12. exf5 gxf5 13. f4 e4 14. Nf2 Bxc3 15.
bxc3 Ndf6 16. Kh1 Ng7 17. Rg1 h5 18. g3 Kf7 19. h3 Rh8 20. Rg2 Ke7 21. Qb3 Qa5
22. Nd1 Bd7 23. Bd2 a6 24. Ne3 b5 25. Qc2 Qc7 26. Rgg1 bxc4 27. Bxc4 Bb5 28.
Bxb5 axb5 29. a4 bxa4 30. Rxa4 Rxa4 31. Qxa4 c4 32. Rb1 Rc8 33. Rb4 Nd7 34.
Rxc4 Nc5 35. Qc2 Qa7 36. Rb4 Nd3 37. Ra4 Qd7 38. Qa2 h4 39. Nc4 Rc7 40. Ra6 Qb5
41. Ra7 Rxa7 42. Qxa7+ Qd7 43. Qxd7+ Kxd7 44. g4 fxg4 45. hxg4 Nf2+ 46. Kg2
Nxg4 47. Kh3 Nf6 48. Ne3 Ngh5 49. Kxh4 Nxf4 50. c4 Nd3 51. Kg5 Ng8 52. Nf5 Ne5
53. Kf4 Nxc4 54. Kxe4 Nxd2+ 55. Kd3 Nf3 56. Nxd6 Kxd6 57. Ke4 1/2-1/2

[Event "DEM U16 2004"]
[Site "Willingen GER"]
[Date "2004.06.04"]
[Round "8"]
[White "Hauser, Carlos"]
[Black "Brener, Ilja"]
[Result "1/2-1/2"]
[Termination "normal"]
[Board "4"]
[WhiteElo "2025"]
[BlackElo "2263"]
[PlyCount "96"]
[WhiteFideId "24608238"]
[BlackFideId "4688201"]
[EventCountry "GER"]
[EventRounds "9"]
[EventType "swiss"]
[EventDate "2004.05.29"]

1. d4 Nf6 2. c4 e6 3. Nc3 Bb4 4. Qc2 O-O 5. a3 Bxc3+ 6. Qxc3 b5 7. cxb5 c6 8.
Bg5 cxb5 9. e3 Bb7 10. Nf3 a6 11. Bd3 h6 12. Bh4 d6 13. Rc1 Nbd7 14. O-O Rc8
15. Qb4 Qb6 16. Bg3 Bxf3 17. gxf3 e5 18. a4 Nd5 19. Qb3 Nc7 20. Bf5 Rcd8 21.
Bxd7 Rxd7 22. dxe5 dxe5 23. Bxe5 Ne6 24. axb5 Ng5 25. e4 axb5 26. Bg3 Rfd8 27.
Rfd1 Rxd1+ 28. Rxd1 Rxd1+ 29. Qxd1 Qf6 30. Kg2 Qxb2 31. Qd8+ Kh7 32. h4 Ne6 33.
Qe8 b4 34. Qxf7 Qf6 35. Qb7 Qd4 36. Qb5 Qc5 37. Qa4 Nd4 38. Bf4 Qb5 39. Qd1 Ne6
40. Bc1 b3 41. Qd2 Qc5 42. Bb2 Qc7 43. Kf1 Qc4+ 44. Qe2 Qb4 45. Qe1 Qb5+ 46.
Qe2 Qb8 47. Qc4 Qb6 48. e5 g5 1/2-1/2